| 000 | 00661nam a2200229 i 4500 | ||
|---|---|---|---|
| 001 | bg | ||
| 245 | 0 | 0 |
_aPromocja przedsiębiorstwa i produktu / _cBarbara Szymoniuk [et.al.] ; Politechnika Lubelska. |
| 260 |
_aLublin : _bWydawnictwa Uczelniane PL, _c1998. |
||
| 300 |
_a272 s. ; _c24 cm. |
||
| 504 | _aBibliogr. s. 267-272. | ||
| 650 | 9 | _aPromocja handlowa | |
| 655 | _aPodręczniki akademickie | ||
| 700 | 1 | _aSZYMONIUK, Barbara. | |
| 710 | 0 | _aPolitechnika Lubelska | |
| 020 | _a8387270687 | ||
| 040 | _cBPK | ||
| 041 | 0 | _apl | |
| 080 | _a659+339.1](075.8) | ||
| 920 | _a83-87270-68-7 | ||
| 942 | _cKS | ||
| 008 | s pl f |000 0 pol | ||
| 999 |
_c34608 _d34608 |
||
| 856 |
_uhttp://koha.tu.koszalin.pl/cgi-bin/koha/opac-detail.pl?biblionumber=34608 _yKatalog online BPK |
||